O enigma do ataúde índio (Record no. 44866)

MARC details
000 -Etiqueta do registo
Valores 00561nam a2200205 4500
100 ## - Dados gerais de processamento
Dados gerais 20150717d1986 m y0pory50030103ba
101 1# - Língua de publicação
Língua por
102 ## - País de publicação
País PT
200 1# - Titulo e menção de responsabilidade
Título próprio O enigma do ataúde índio
Primeira menção de responsabilidade Rex Stout
Outras menções de responsabilidade trad. Eduardo Saló
210 #9 - Publicação
Local de publicação Lisboa
Nome do editor Livros do Brasil,
Data de publicação 1986
215 ## - Descrição física 
Paginação / Volumes 240, [8] p.
Dimensões 16 cm
225 2# - Colecção 
Título próprio da colecção Vampiro
Indicação de volume 473
304 ## - Nota relativa ao título
Texto de nota Tít. orig.: Red threads
675 ## - CDU
Notação 821.111(73)-312.4"19"
Edição BN
Língua por
700 #1 - Autor principal
Apelido Stout,
Nome Rex,
Datas 1886-1975
702 #1 - Autor secundário
Apelido Saló,
Nome Eduardo
Função 730
801 #0 - Fonte de origem
País PT
Agência BN
Regras de catalogação RPC
990 ## - Elementos KOHA
Tipo de documento Livro
Holdings
Aquisição Empréstimo Código de barras Cota Permissão de empréstimo Tipo de documento
Biblioteca Municipal de Redondo Biblioteca Municipal de Redondo 055038 821.111(73)-3 STO   Livro

Powered by Koha